Znaim. Zone 10 Col. XIV ; NW.-Gruppe Nr. 84 /

Korporativní autor: K.K. Geologische Reichsanstalt (Rakousko)
Další autoři: Lechner, R., Paul, C. M., Foetterle, Franz, 1823-1876, Wolf, Heinrich, 1825-1882, Rakousko-Uhersko. Militärgeographisches Institut
Jazyk: Němčina
Čeština
Vydáno: Wien : Verlag der k. k. geologischen Reichsanstalt, 1898
Edice: Geologische Spezialkarte der im Reichsrate vertretenen Königreiche und Länder der österreichisch-ungarischen Monarchie 1:75 000 ; 4456, 1898
Geologická speciální mapa v měřítku 1:75 000 ; 4456, 1898
Témata:
Externí odkaz: Digitalizovaný dokument
Fyzický popis: 1 mapa : barevná ; 37 x 49 cm, na listu 58 x 72 cm + Erläuterungen zur Geologischen Karte der im Reichsrathe vertretenen Königreiche und Länder der Oesterr.-ungar. Monarchie. NW-Gruppe Nr. 84 Znaim (Zone 10, Col. XIV der Specialkarte im Massstabe 1:75 000) / Von C. M. Paul. -- Wien : Verlag der k.k. Geologischen Reichsanstalt, 1898. (31 s., 19 cm)
Mapy
Uloženo v:
LEADER 03193nem a2200565 i 4500
001 001598735
003 CZ BrMZK
005 20171013150558.0
007 aj|canzn
008 171010s1898 au a 0| ger d
034 1 |a a  |b 75000  |d E0155000  |e E0162000  |f N0490000  |g N0484500 
040 |a BOA001  |b cze  |e rda 
041 0 |a ger  |a cze 
043 |a e-xr---  |b e-xr-jm  |a e-au--- 
072 7 |a 551  |x Geologie. Meteorologie. Klimatologie  |2 Konspekt  |9 7 
072 7 |a 912  |x Mapy. Atlasy. Glóby  |2 Konspekt  |9 7 
080 |a 55  |2 MRF 
080 |a 913(437.322)  |2 MRF 
080 |a (084.3)55  |2 MRF 
110 2 |a K.K. Geologische Reichsanstalt (Rakousko)  |7 ko2008449862  |4 pbl 
245 1 0 |a Znaim.  |p Zone 10 Col. XIV ;  |p NW.-Gruppe Nr. 84 /  |c K.k. geologische Reichsanstalt ; Für die Specialkarte im Maße 1:75 000 neu aufgenommen und bearbeitet in den Jahren 1891-92 von C. M. Paul ; Mit Benützung der älteren geologischen Aufnahmsarbeiten im Maße 1:144 000 von F. Fötterle und H. Wolf 
246 3 |a 4456 
246 3 0 |a Zone 10 Col. XIV 
246 3 0 |a NW.-Gruppe Nr. 84 
255 |a Měřítko 1:75 000  |c (E 15°50'00"--E 16°20'00"/N 49°00'00"--N 48°45'00") 
264 1 |a Wien :  |b Verlag der k. k. geologischen Reichsanstalt,  |c 1898 
300 |a 1 mapa :  |b barevná ;  |c 37 x 49 cm, na listu 58 x 72 cm +  |e Erläuterungen zur Geologischen Karte der im Reichsrathe vertretenen Königreiche und Länder der Oesterr.-ungar. Monarchie. NW-Gruppe Nr. 84 Znaim (Zone 10, Col. XIV der Specialkarte im Massstabe 1:75 000) / Von C. M. Paul. -- Wien : Verlag der k.k. Geologischen Reichsanstalt, 1898. (31 s., 19 cm) 
336 |a kartografický obraz  |b cri  |2 rdacontent 
337 |a bez média  |b n  |2 rdamedia 
338 |a list  |b nb  |2 rdacarrier 
490 1 |a [Geologische Spezialkarte der im Reichsrate vertretenen Königreiche und Länder der österreichisch-ungarischen Monarchie 1:75 000] ;  |v 4456, 1898 
490 1 |a [Geologická speciální mapa v měřítku 1:75 000] ;  |v 4456, 1898 
500 |a Další údaje o vydání: 1878 ; Wien, December 1898 ; In topograph. Hinsicht bis zum Jahre 1894 evidentgestellt 
562 |a Razítko: Preis: 4.50 Kronen  |5 CZ-BrMZK 
562 |a Razítko poznámka na rubu: Moravská knihovna zemská, Mährische Landes-Bibliothek  |5 CZ-BrMZK 
500 |a Dostupné též v digitální podobě v aplikaci Kramerius 
650 7 |a geologie  |7 ph114622  |2 czenas 
651 7 |a Znojmo (Česko : oblast)  |7 ge131457  |2 czenas 
655 7 |a geologické mapy  |7 fd132402  |2 czenas 
700 1 |a Lechner, R.  |4 pbl 
700 1 |a Paul, C. M.  |4 ctg 
700 1 |a Foetterle, Franz,  |d 1823-1876  |7 mzk2008473314  |4 ant 
700 1 |a Wolf, Heinrich,  |d 1825-1882  |4 ant 
710 1 |a Rakousko-Uhersko.  |b Militärgeographisches Institut  |7 kn20060405003  |4 ant 
830 0 |a Geologische Spezialkarte der im Reichsrate vertretenen Königreiche und Länder der österreichisch-ungarischen Monarchie 1:75 000 ;  |v 4456, 1898 
830 0 |a Geologická speciální mapa v měřítku 1:75 000 ;  |v 4456, 1898 
856 4 1 |u http://www.digitalniknihovna.cz/mzk/view/uuid:4e803e60-4e65-49f6-b189-3cc8647af807  |y Digitalizovaný dokument 
910 |a BOA001  |b Mpa-0021.529,4456-98 
990 |a MP 
991 |b 201710